Espacios métricos
Saved in:
| Hovedforfatter: | |
|---|---|
| Format: | Bog |
| Sprog: | spansk |
| Udgivet: |
Santiago
Ediciones de la Universidad Técnica del Estado
1974
|
| Fag: | |
| Tags: |
Tilføj Tag
Ingen Tags, Vær først til at tagge denne postø!
|
MARC
| LEADER | 00000cam a2200000 a 4500 | ||
|---|---|---|---|
| 001 | UCZ7656 | ||
| 003 | CL-VaPUC | ||
| 005 | 20230427091835.0 | ||
| 008 | 960109e19740000CL |||||||||||||||||spa|d | ||
| 999 | |c 243703 |d 243701 | ||
| 040 | |c Pontificia Universidad Católica de Valparaíso | ||
| 082 | 0 | 4 | |a 514.3 |b MIC |2 21 |
| 100 | |a Michelow Veiler, Jaime |e autor |9 463847 | ||
| 245 | 1 | 0 | |a Espacios métricos |
| 260 | |a Santiago |b Ediciones de la Universidad Técnica del Estado |c 1974 | ||
| 300 | |a 190 p | ||
| 583 | |a last modification |c 20171110 01:29:01 |k Rodrigo Vera | ||
| 650 | 0 | |a Topología |9 260092 | |
| 650 | 0 | |a Espacios métricos |9 269874 | |
| 942 | |c BK |2 ddc | ||
| 945 | |d 19960109 00:00:00 |a rleighto | ||
| 952 | |0 0 |1 0 |2 ddc |3 erb |4 0 |6 514_300000000000000_MIC_1974 |7 0 |8 A |9 257478 |a BIBMAT |b BIBMAT |i 5435404 |l 18 |m 4 |o 514.3 MIC 1974 |p 5435404 |r 2025-01-07 |s 2024-06-17 |w 2019-11-19 |y BK |z Catalogado en:20171117 |k MAT | ||